00466nam a22001217a 4500040001500000082001400015100001700029245010300046260003700149300001500186505012900201650001400330 cMCS (NUST) a005.8,SUH aSabah Suhail aA Highly Robust Watermarking Technique for Right Protection of Relational Database /cSabah Suhail aRawalpindibMCS (NUST)cMar 2012 aviii,51 p, aIntroduction (Page-1), Literature Review (Page-11), Methodology (Page-19), Attacks Analysis (Page-30), Conclusion (Page-46). aPG Thesis